| 000 | 01955cam a22004214a 4500 | ||
|---|---|---|---|
| 001 | 15113710 | ||
| 005 | 20080319152158.0 | ||
| 008 | 071214s2007 enk b 001 0 eng | ||
| 010 | _a2007282632 | ||
| 015 |
_aGBA773787 _2bnb |
||
| 016 | 7 |
_a013889499 _2Uk |
|
| 020 | _a9780521844109 (hbk.) | ||
| 020 | _a052184410X (hbk.) | ||
| 020 | _a9780521605182 (pbk.) | ||
| 020 | _a0521605180 (pbk.) | ||
| 035 | _a(OCoLC)ocn154682242 | ||
| 040 |
_aUKM _cUKM _dBTCTA _dYDXCP _dBAKER _dOCLCQ _dDLC |
||
| 042 |
_aukblcatcopy _alccopycat |
||
| 050 | 0 | 0 |
_aKZ3410 _b.A76 2007 |
| 082 | 0 | 4 |
_a341 _222 _bARM |
| 100 | 1 |
_aArmstrong, J. D. _q(James David), _d1945- _96593 |
|
| 245 | 1 | 0 |
_aInternational Law and International Relations / _cDavid Armstrong, Theo Farrell and Helene Lambert. |
| 260 |
_aCambridge ; _aNew York : _bCambridge University Press, _cc2007. |
||
| 300 |
_aix, 308 p. ; _c23 cm. |
||
| 440 | 0 |
_aThemes in international relations _96594 |
|
| 504 | _aIncludes bibliographical references and index. | ||
| 650 | 0 |
_aInternational law. _96595 |
|
| 650 | 0 |
_aInternational relations. _96596 |
|
| 700 | 1 |
_aFarrell, Theo, _d1967- _96597 |
|
| 700 | 1 |
_aLambert, Helene. _96598 |
|
| 856 | 4 | 2 |
_3Contributor biographical information _uhttp://www.loc.gov/catdir/enhancements/fy0806/2007282632-b.html |
| 856 | 4 | 2 |
_3Publisher description _uhttp://www.loc.gov/catdir/enhancements/fy0806/2007282632-d.html |
| 856 | 4 | 1 |
_3Table of contents only _uhttp://www.loc.gov/catdir/enhancements/fy0806/2007282632-t.html |
| 942 |
_2ddc _cBB |
||
| 999 |
_c11936 _d11936 |
||